| 000 | 00520nam a22001817a 4500 | ||
|---|---|---|---|
| 999 |
_c159513 _d159513 |
||
| 010 | _aB-78195 | ||
| 020 | _c95.00 | ||
| 035 | _aB-78195 | ||
| 037 |
_aDBAD/PUB _bbhartiya vidya bhavan |
||
| 082 |
_22002 _a230.1 |
||
| 100 | _aRajagopalchari c. | ||
| 245 |
_aMahabharata/ _cRajagopalchari c. _henglish |
||
| 250 | _a2002 | ||
| 260 |
_abombay _bbhartiya vidya bhavan _c2002 |
||
| 300 |
_a483 page _c18 c.m pbk |
||
| 700 | _aRajagopalchari c. | ||
| 942 |
_2ddc _cEN _e2002 _h230.1 _kraj _mRajagopalchari c. |
||